Family Feud #15 - Statistics

General Stats
  • This quiz has been taken 20 times
  • The average score is 3 of 5
Answer Stats
Hint Answer % Correct
44 Water
89%
25 Soap
79%
5 Bubbles
58%
7 Shampoo
58%
10 Rubber Duck
47%
No matching quizzes found
Score Distribution
Percent of People with Each Score
Percentile by Number Answered
Your Score History
You have not taken this quiz